|
|
|
|
| LEADER |
01037nam a2200265 a 4500 |
| 001 |
4035817 |
| 008 |
100209s1999 njua b 001 0 eng d |
| 999 |
|
|
|c 7399
|d 7399
|
| 010 |
|
|
|a 98045960
|
| 020 |
|
|
|a 1576600602
|
| 040 |
|
|
|a DLC
|c DLC
|d DLC
|d DB-DhAAL
|
| 082 |
0 |
0 |
|a 332.645
|2 21
|
| 100 |
1 |
|
|a Nicholas, Joseph G.,
|d 1959-
|9 32875
|
| 245 |
1 |
0 |
|a Investing in hedge funds :
|b strategies for the new marketplace /
|c Joseph G. Nicholas.
|
| 246 |
3 |
0 |
|a Hedge funds
|
| 250 |
|
|
|a 1st ed.
|
| 260 |
|
|
|a Princeton, NJ :
|b Bloomberg Press,
|c 1999.
|
| 300 |
|
|
|a 302 p. :
|b ill. ;
|c 24 cm.
|
| 490 |
0 |
|
|a Bloomberg personal bookshelf
|
| 504 |
|
|
|a Includes bibliographical references (p. 290-291) and index.
|
| 541 |
1 |
|
|e 00014082
|
| 650 |
|
0 |
|a Hedge funds
|z United States.
|9 32876
|
| 852 |
4 |
|
|a Ayesha Abed Library
|j General Shelf.
|
| 942 |
|
|
|2 ddc
|c BK
|
| 952 |
|
|
|0 0
|1 0
|2 ddc
|4 0
|6 332_645000000000000_NIC
|7 0
|9 7911
|a BRACUL
|b BRACUL
|c GEN
|d 2010-02-09
|l 2
|m 11
|o 332.645 NIC
|p 3010014082
|r 2026-02-18
|s 2025-07-01
|t 1
|w 2010-02-09
|y BK
|x Price not available in register book.
|